| 000 | 00409cam a2200157ua 4500 | ||
|---|---|---|---|
| 041 |
_aeng _h |
||
| 082 |
_a415 _bHOR/TE |
||
| 100 | _aHornby, A S . | ||
| 245 |
_aTeaching of structural words and sentece patterns / _cA S Hornby. _hTextual Documents |
||
| 260 |
_aLondon : _bOxford University Press , _c1966. |
||
| 300 | _a140 ; . | ||
| 504 | _a | ||
| 942 | _cBK | ||
| 999 |
_c5058 _d5058 |
||